Tapestry: Reading

Đã lưu trong:
书目详细资料
主要作者: Fellag, Linda Robinson
格式: 图书
语言:Undetermined
出版: Boston, MA Heinle & Heinle 2000
主题:
标签: 添加标签
没有标签, 成为第一个标记此记录!
Thư viện lưu trữ: Trung tâm Học liệu Trường Đại học Cần Thơ
LEADER 00596nam a2200217Ia 4500
001 CTU_127686
008 210402s9999 xx 000 0 und d
020 |c 176000 
082 |a 428.64 
082 |b T172/T3 
100 |a Fellag, Linda Robinson 
245 0 |a Tapestry: 
245 0 |b Reading 
245 0 |c Linda Robinson Fellag; Edited by M. E. Sokolik 
260 |a Boston, MA 
260 |b Heinle & Heinle 
260 |c 2000 
650 |a English language,Readers 
650 |x Textbooks for foreign speakers 
904 |i Minh 
980 |a Trung tâm Học liệu Trường Đại học Cần Thơ